Kích hoạt vốn và tài năng kinh doanh

Gồm nhiều bài viết khác nhau bàn về các vấn đề cụ thể trong hoạt động của các doanh nghiệp, doanh nhân nhằm kích hoạt vốn và tài năng kinh doanh

محفوظ في:
التفاصيل البيبلوغرافية
المؤلف الرئيسي: Trần, Xuân Kiên
التنسيق: كتاب
اللغة:Undetermined
منشور في: Hà Nội Chính trị Quốc gia 2009
الموضوعات:
الوسوم: إضافة وسم
لا توجد وسوم, كن أول من يضع وسما على هذه التسجيلة!
Thư viện lưu trữ: Trung tâm Học liệu Trường Đại học Cần Thơ
LEADER 00836nam a2200205Ia 4500
001 CTU_147955
008 210402s9999 xx 000 0 und d
020 |c 25000 
082 |a 658.15 
082 |b K305 
100 |a Trần, Xuân Kiên 
245 0 |a Kích hoạt vốn và tài năng kinh doanh 
245 0 |c Trần Xuân Kiên 
260 |a Hà Nội 
260 |b Chính trị Quốc gia 
260 |c 2009 
520 |a Gồm nhiều bài viết khác nhau bàn về các vấn đề cụ thể trong hoạt động của các doanh nghiệp, doanh nhân nhằm kích hoạt vốn và tài năng kinh doanh 
650 |a Kinh doanh,Quản trị kinh doanh,Business,Managerial economics 
904 |i Trọng Hải 
980 |a Trung tâm Học liệu Trường Đại học Cần Thơ